The mysterious Bible codes / (Record no. 7582)

MARC details
000 -LEADER
fixed length control field 00668cam a2200253 a 4500
001 - CONTROL NUMBER
control field 39633497
003 - CONTROL NUMBER IDENTIFIER
control field OCoLC
005 - DATE AND TIME OF LATEST TRANSACTION
control field 20190213161957.0
008 - FIXED-LENGTH DATA ELEMENTS--GENERAL INFORMATION
fixed length control field 980720s1998 tnu b 000 0 eng
010 ## - LIBRARY OF CONGRESS CONTROL NUMBER
LC control number 98038284
020 ## - INTERNATIONAL STANDARD BOOK NUMBER
International Standard Book Number 084991325X
040 ## - CATALOGING SOURCE
Original cataloging agency DLC
Transcribing agency DLC
082 ## - DEWEY DECIMAL CLASSIFICATION NUMBER
Classification number 220.6
Item number J46M
092 ## - LOCALLY ASSIGNED DEWEY CALL NUMBER (OCLC)
Classification number 220.6
Item number J46M
100 1# - MAIN ENTRY--PERSONAL NAME
Personal name Jeffrey, Grant R
245 14 - TITLE STATEMENT
Title The mysterious Bible codes /
Statement of responsibility, etc. by Grant R. Jeffrey
260 ## - PUBLICATION, DISTRIBUTION, ETC.
Place of publication, distribution, etc. Nashville :
Name of publisher, distributor, etc. Word Pub.,
Date of publication, distribution, etc. c1998
300 ## - PHYSICAL DESCRIPTION
Extent 197 p. ;
Dimensions 25 cm
410 20 - SERIES STATEMENT/ADDED ENTRY--CORPORATE NAME [OBSOLETE, CAN/MARC], [LOCAL, USA]
Corporate name or jurisdiction name as entry element engheb
504 ## - BIBLIOGRAPHY, ETC. NOTE
Bibliography, etc. note Includes bibliographical references (p. 193-197)
630 00 - SUBJECT ADDED ENTRY--UNIFORM TITLE
Uniform title Bible
General subdivision Prophecies
650 #0 - SUBJECT ADDED ENTRY--TOPICAL TERM
Topical term or geographic name entry element Ciphers in the Bible
942 ## - ADDED ENTRY ELEMENTS (KOHA)
Source of classification or shelving scheme Dewey Decimal Classification
Koha item type Books
Holdings
Withdrawn status Lost status Source of classification or shelving scheme Damaged status Not for loan Collection code Home library Current library Shelving location Date acquired Cost, normal purchase price Total Checkouts Full call number Barcode Date last seen Price effective from Koha item type
    Dewey Decimal Classification     Non-fiction Harvest Mission College Harvest Mission College General Stacks 13.02.2019 3850.00   220.6 J46M 008690 13.02.2019 13.02.2019 Books

OPAC Designed and Maintained by HMC Library Team.
Copyright © HMC Library,Greater Noida, UP.
For any Suggestions/Query Contact library via Email:libhmc@gmail.com